000 00653nam a2200205Ii 4500
003 JO-AjNU
008 230605s9999||||xx |||||||||||||| ||und||
040 _aJO-AjNU
_bara
_erda
_cJO-AjNU
041 _aara
050 1 4 _aRG101.S342 2002
100 3 _aالصلال، عايدة ,
_eauthor
_914319
245 0 0 _aاسئلة حائرة معاناة حواء كيف تخفف من وطاتها
250 _aط1
264 3 1 _aبيروت:المكتبة الثقافية ،2002
300 _a136ص
336 _atext
_btxt
_2rdacontent
337 _aunmediated
_bn
_2rdamedia
338 _avolume
_bnc
_2rdacarrier
650 4 _aاسئلة للنساء
_914320
999 _aA3790
_c7358
_d7358